<?xml version="1.0" encoding="UTF-8"?><?xml-stylesheet type="text/xsl" href="static/style.xsl"?><OAI-PMH xmlns="http://www.openarchives.org/OAI/2.0/" xmlns:xsi="http://www.w3.org/2001/XMLSchema-instance" xsi:schemaLocation="http://www.openarchives.org/OAI/2.0/ http://www.openarchives.org/OAI/2.0/OAI-PMH.xsd"><responseDate>2026-04-13T06:58:27Z</responseDate><request verb="GetRecord" identifier="oai:www.recercat.cat:2445/199373" metadataPrefix="marc">https://recercat.cat/oai/request</request><GetRecord><record><header><identifier>oai:recercat.cat:2445/199373</identifier><datestamp>2025-12-04T20:57:44Z</datestamp><setSpec>com_2072_1057</setSpec><setSpec>col_2072_478796</setSpec><setSpec>col_2072_478917</setSpec></header><metadata><record xmlns="http://www.loc.gov/MARC21/slim" xmlns:dcterms="http://purl.org/dc/terms/" xmlns:xsi="http://www.w3.org/2001/XMLSchema-instance" xmlns:doc="http://www.lyncode.com/xoai" xsi:schemaLocation="http://www.loc.gov/MARC21/slim http://www.loc.gov/standards/marcxml/schema/MARC21slim.xsd">
   <leader>00925njm 22002777a 4500</leader>
   <datafield ind2=" " ind1=" " tag="042">
      <subfield code="a">dc</subfield>
   </datafield>
   <datafield ind2=" " ind1=" " tag="720">
      <subfield code="a">Salgado Pizarro, Rebeca</subfield>
      <subfield code="e">author</subfield>
   </datafield>
   <datafield ind2=" " ind1=" " tag="720">
      <subfield code="a">Martín, Marc</subfield>
      <subfield code="e">author</subfield>
   </datafield>
   <datafield ind2=" " ind1=" " tag="720">
      <subfield code="a">Svobodova Sedlackova, Adela</subfield>
      <subfield code="e">author</subfield>
   </datafield>
   <datafield ind2=" " ind1=" " tag="720">
      <subfield code="a">Calderón Díaz, Alejandro</subfield>
      <subfield code="e">author</subfield>
   </datafield>
   <datafield ind2=" " ind1=" " tag="720">
      <subfield code="a">Haurie, Laia</subfield>
      <subfield code="e">author</subfield>
   </datafield>
   <datafield ind2=" " ind1=" " tag="720">
      <subfield code="a">Fernández Renna, Ana Inés</subfield>
      <subfield code="e">author</subfield>
   </datafield>
   <datafield ind2=" " ind1=" " tag="720">
      <subfield code="a">Barreneche, Camila</subfield>
      <subfield code="e">author</subfield>
   </datafield>
   <datafield ind2=" " ind1=" " tag="260">
      <subfield code="c">2023-06-16T13:51:03Z</subfield>
   </datafield>
   <datafield ind2=" " ind1=" " tag="260">
      <subfield code="c">2023-06-16T13:51:03Z</subfield>
   </datafield>
   <datafield ind2=" " ind1=" " tag="260">
      <subfield code="c">2022-09-02</subfield>
   </datafield>
   <datafield ind2=" " ind1=" " tag="260">
      <subfield code="c">2023-06-16T13:51:03Z</subfield>
   </datafield>
   <datafield ind2=" " ind1=" " tag="520">
      <subfield code="a">The use of adequate thermal energy storage (TES) systems has shown the potential to increase energy efficiency in many fields, such as the building sector. Shape-stabilized phase change materials (SS-PCMs) have attracted attention to address one of the key barriers of phase change materials (PCMs), the leakage during the liquid state, that nowadays limits its applicability. However, SS-PCMs still have drawbacks to overcome, such as poor fire reaction and thermal stability. In the present study, polymeric SS-PCMs are nano-enhanced with layered silicates to overcome these drawbacks. The new shape-stabilized nano-enhanced phase change material (SS-NEPCM) is based on ethylene propylene diene monomer (EPDM) as a polymeric matrix, palmitic acid (PA) as PCM and montmorillonite (MMT) as the layered silicate. An innovative method based on a Banbury mixer was used to prepare it, which is an industrially scalable fabrication method. To evaluate the effect of each component, eight different formulations were prepared: pure EPDM, EPDM with MMT additions (1 wt%, 3 wt% and 5 wt%), EPDM with PA additions (5 wt% and 10 wt%) and EPDM with MMT (3 wt%) and PA additions (5 wt% and 10 wt%). The composite materials obtained were not degraded by processing as FT-IR results show. The results obtained by X-ray diffraction showed that an ordered intercalated morphology is formed between EPDM chains and MMT. Thermogravimetric experimental results revealed an increase in the thermal stability of SS-NEPCM as a result of the barrier effect provided by MMT. Moreover, SS-NEPCM fire resistance was improved with a great reduction or avoidance of the dripping phenomenon.</subfield>
   </datafield>
   <datafield tag="653" ind2=" " ind1=" ">
      <subfield code="a">Emmagatzematge d'energia</subfield>
   </datafield>
   <datafield tag="653" ind2=" " ind1=" ">
      <subfield code="a">Ciència dels materials</subfield>
   </datafield>
   <datafield tag="653" ind2=" " ind1=" ">
      <subfield code="a">Silicats</subfield>
   </datafield>
   <datafield tag="653" ind2=" " ind1=" ">
      <subfield code="a">Storage of energy</subfield>
   </datafield>
   <datafield tag="653" ind2=" " ind1=" ">
      <subfield code="a">Materials science</subfield>
   </datafield>
   <datafield tag="653" ind2=" " ind1=" ">
      <subfield code="a">Silicates</subfield>
   </datafield>
   <datafield ind2="0" ind1="0" tag="245">
      <subfield code="a">Manufacturing of nano-enhanced shape stabilized phase change materials with montmorillonite by Banbury oval rotor mixer for buildings applications</subfield>
   </datafield>
</record></metadata></record></GetRecord></OAI-PMH>